Black Sea security (Record no. 245487)
[ view plain ]
| 000 -LEADER | |
|---|---|
| fixed length control field | 02110nam a2200409 a 4500 |
| 245 10 - TITLE STATEMENT | |
| Title | Black Sea security |
| 260 ## - PUBLICATION, DISTRIBUTION, ETC. (IMPRINT) | |
| Place of publication | Washington, D.C. : |
| Name of publisher | IOS Press, |
| Year of publication | 2010. |
| 300 ## - PHYSICAL DESCRIPTION | |
| Number of Pages | xv, 137 p. : |
| Other physical details | ill., maps. |
| 490 1# - SERIES STATEMENT | |
| Series statement | NATO science for peace and security. Sub-series E, Human and societal dynamics, |
| 500 ## - GENERAL NOTE | |
| General note | "Published in cooperation with NATO Public Diplomacy Division." |
| General note | Includes indexes. |
| 505 0# - FORMATTED CONTENTS NOTE | |
| Formatted contents note | section 1. The Black Sea in context -- section 2. Security challengines in the Black Sea region -- section 3. Strategic cooperation in the Black Sea region -- section 4. Technical security cooperation in the Black Sea region -- section 5. The South Ossetian conflict in perspective. |
| 650 #0 - SUBJECT ADDED ENTRY--TOPICAL TERM | |
| Topical Term | National security |
| 700 1# - ADDED ENTRY--PERSONAL NAME | |
| Personal name | Houston, Fiona. |
| Personal name | Wood, W. Duncan. |
| Personal name | Robinson, Derek M. |
| 856 40 - ELECTRONIC LOCATION AND ACCESS | |
| Uniform Resource Identifier | http://site.ebrary.com/lib/rucke/Doc?id=10440453 |
No items available.
